Statistics for Australian geography by letter: R

Click here to take the quiz!

General Stats

  • This quiz has been taken 13 times
  • The average score is 7 of 15

Answer Stats

HintAnswer% Correct
Hawkesbury, Murrumbidgee or South EskRiver
92%
Genus of parrots found in the eastern half of Australia
(and a brand of sauces and condiments)
Rosella
75%
Southern region of NSWRiverina
67%
The river that flows through Townsville, and a virus that can be caught all over the countryRoss River
67%
An island serviced by ferry from PerthRottnest Island
67%
Small town with a colourful name, close to the Wimmera-Mallee border in VictoriaRainbow
58%
Suburb and surrounding peninsula in BrisbaneRedcliffe
50%
Inland city named for its location by a riverRockhampton
50%
South Australian town on the Murray RiverRenmark
42%
Inner suburb of Adelaide; inner suburb of Melbourne; town in Tasmania with Australia's oldest functioning bridge; NSW town settled in 1794; outback Queensland town on the Flinders riverRichmond
42%
Modern town built to service a mine in outback South AustraliaRoxby Downs
33%
Bird (pictured) that is common in the towns, suburbs and bushland of eastern AustraliaRainbow Lorikeet
25%
Marsupial commonly seen in domestic gardens as well as parks and bushlandRingtail possum
17%
Coastal area in southern Tasmania with features called Boy and Dinghy, Pigsties Bay, and Shag RockRecherche Bay
0%
Coastal area featuring mudflats and mangroves south of BroomeRoebuck Bay
0%

Score Distribution

Percentile by Number Answered

Percent of People with Each Score

Your Score History

You have not taken this quiz